Uzavretý systém prenosu TV signálu pre multinárodnostnú štruktúru obyvateľstva na vzorovom sídlisku
Na minha lista:
| Autor principal: | |
|---|---|
| Outros Autores: | |
| Formato: | Manuscrito Livro |
| Idioma: | eslovaco |
| Publicado em: |
2016
|
| Assuntos: | |
| Acesso em linha: | http://is.stuba.sk/zp/portal_zp.pl?podrobnosti=110827 |
| Tags: |
Sem tags, seja o primeiro a adicionar uma tag!
|
MARC
| LEADER | 00000ntm a22000003a 4500 | ||
|---|---|---|---|
| 001 | stuzp55011 | ||
| 003 | SK-STU | ||
| 005 | 20160811123647.3 | ||
| 007 | ta | ||
| 008 | 150427s2015----xo-----f-mn---000-0-slo-d | ||
| 040 | |a STU |b slo | ||
| 041 | 0 | |a slo | |
| 044 | |a xo | ||
| 100 | 1 | |a Šmárik, Ladislav |u 037000 |4 aut |U FEI Fakulta elektrotechniky a informatiky |T FEI Ústav telekomunikácií |X 54232 |U E070 |Y 818 |7 54232 | |
| 242 | 0 | 1 | |a Closed System for the Transmission of TV Signal for Multi-lingual Population Structure on the Model Housing Estate |y eng |
| 245 | 1 | 0 | |a Uzavretý systém prenosu TV signálu pre multinárodnostnú štruktúru obyvateľstva na vzorovom sídlisku |
| 260 | |c 2016 | ||
| 300 | |a 50 s. | ||
| 650 | 4 | |a television |2 eng | |
| 650 | 4 | |a optical transmission |2 eng | |
| 650 | 4 | |a television transmission |2 eng | |
| 650 | 4 | |a satellite |2 eng | |
| 650 | 4 | |a televízny rozvod |2 slo | |
| 650 | 4 | |a satelit |2 slo | |
| 650 | 4 | |a televízia |2 slo | |
| 650 | 4 | |a optický rozvod |2 slo | |
| 700 | 1 | |a Róka, Rastislav |u 037000 |k Z1 |4 ths |U FEI Fakulta elektrotechniky a informatiky |T FEI Ústav telekomunikácií |X 1946 |U E070 |Y 818 |7 A000001946 | |
| 856 | 4 | |u http://is.stuba.sk/zp/portal_zp.pl?podrobnosti=110827 | |
| 996 | |b 284ER02166 |c E*Bc- 2166 |l EE37 |s P |a 0 |w stuzp55011_0001 | ||
| SQL | |a stuzp55011 |b DBP |c SLO |d Uzavretý systém prenosu TV signálu pre multinárodnostnú štruktúru obyvateľstva na vzorovom sídlisku |e 54232 |f Šmárik, Ladislav |g 037000 |h 1946 |i Róka, Rastislav |j 20160706 |k 78 |l 03 |m http://is.stuba.sk/zp/portal_zp.pl?podrobnosti=110827 |n B-TLK |o 5.2.15. telekomunikácie | ||